Katha yatra (Record no. 1434797)

MARC details
000 -LEADER
fixed length control field 00941nam a22002657a 4500
005 - DATE AND TIME OF LATEST TRANSACTION
control field 20250819104847.0
008 - FIXED-LENGTH DATA ELEMENTS--GENERAL INFORMATION
fixed length control field 250819b |||||||| |||| 00| 0 eng d
020 ## - INTERNATIONAL STANDARD BOOK NUMBER
International Standard Book Number 978-93-95400-25-1 Vol.1 (pbk)
020 ## - INTERNATIONAL STANDARD BOOK NUMBER
International Standard Book Number 978-93-95400-26-8 Vol.2 (pbk)
037 ## - SOURCE OF ACQUISITION
Terms of availability TB
040 ## - CATALOGING SOURCE
Original cataloging agency AL
Transcribing agency AL
041 ## - LANGUAGE CODE
Source of code URD
Language code of text/sound track or separate title URD
084 ## - COLON CLASSIFICATION NUMBER
Classification number O152,3x 168R2.1-2
Item number AL
100 ## - MAIN ENTRY--PERSONAL NAME
Personal name Choubey, Santosh
9 (RLIN) 818087
245 ## - TITLE STATEMENT
Title Katha yatra
260 ## - PUBLICATION, DISTRIBUTION, ETC.
Place of publication, distribution, etc. Delhi, India:
Name of publisher, distributor, etc. Educational publishing house,
Date of publication, distribution, etc. 2022.
300 ## - PHYSICAL DESCRIPTION
Extent 592p. (Vol.1)
-- 618p. (Vol.2)
365 ## - TRADE PRICE
Price amount 1750.00
Currency code INR
546 ## - LANGUAGE NOTE
Language note Translated from Hindi to Urdu
650 ## - SUBJECT ADDED ENTRY--TOPICAL TERM
Topical term or geographic name entry element Hindi Literature
9 (RLIN) 23866
650 ## - SUBJECT ADDED ENTRY--TOPICAL TERM
Topical term or geographic name entry element Hindi Fiction
700 ## - ADDED ENTRY--PERSONAL NAME
Personal name Sharma, Janki Prasad
Relator term Translator
942 ## - ADDED ENTRY ELEMENTS (KOHA)
Source of classification or shelving scheme Colon Classification (CC)
Koha item type Textbook
Classification part O152,3x 168R2.1-2
Suppress in OPAC No
Holdings
Withdrawn status Lost status Source of classification or shelving scheme Damaged status Not for loan Home library Current library Date acquired Source of acquisition Cost, normal purchase price Serial Enumeration / chronology Inventory number Total Checkouts Full call number Barcode Date last seen Price effective from Koha item type
    Colon Classification (CC)     Arts Library Arts Library 2025-08-19 Nadwi Publications 1750.00 Vol.1 1845 & 03.03.2025   O152,3x 168R2.1 AL1804581 2025-08-19 2025-08-19 Textbook
    Colon Classification (CC)     Arts Library Arts Library 2025-08-19 Nadwi Publications 1750.00 Vol.2 1845 & 03.03.2025   O152,3x 168R2.2 AL1804582 2025-08-19 2025-08-19 Textbook
Copyright @ Delhi University Library System